书目信息 |
| 题名: |
历史的经验
|
|
| 作者: | 南怀瑾, 讲述 | |
| 分册: | ||
| 出版信息: | 北京 东方出版社 2015.12 |
|
| 页数: | 245页 | |
| 开本: | 23cm | |
| 丛书名: | ||
| 单 册: | ||
| 中图分类: | C934 | |
| 科图分类: | ||
| 主题词: | 谋略--mou lue--中国--古代 | |
| 电子资源: | ||
| ISBN: | 978-7-5060-8278-5 | |
| 000 | 00815nam0 2200229 450 | |
| 001 | 28315 | |
| 005 | 20221008180507.98 | |
| 010 | @a978-7-5060-8278-5@dCNY30.00 | |
| 100 | @a20160310d2015 em y0chiy50 ea | |
| 101 | 0 | @achi |
| 102 | @aCN@b110000 | |
| 105 | @ay z 000yy | |
| 200 | 1 | @a历史的经验@Ali shi de jing yan@f南怀瑾讲述 |
| 205 | @a增订本 | |
| 210 | @a北京@c东方出版社@d2015.12 | |
| 215 | @a245页@d23cm | |
| 330 | @a本书以人们工作、业务的需要为出发点, 结合作者自身阅历和当今人事, 将众多历史故事, 铺注于原经文之后, 经史相参, 为世人创业待人、立身行世提供借鉴。主要内容包括: 话题、神谋鬼谋、古今无定法、仁爱的流弊等。 | |
| 606 | 0 | @a谋略@Amou lue@y中国@z古代 |
| 690 | @aC934@v5 | |
| 701 | 0 | @a南怀瑾,@Anan huai jin@f1918-2012@4讲述 |
| 801 | 0 | @aCN@c20220910 |
| 905 | @a河南城建学院图书馆@dC934@eN080@f2 | |
| 历史的经验/南怀瑾讲述.-增订本.-北京:东方出版社,2015.12 |
| 245页;23cm |
| ISBN 978-7-5060-8278-5:CNY30.00 |
| 本书以人们工作、业务的需要为出发点, 结合作者自身阅历和当今人事, 将众多历史故事, 铺注于原经文之后, 经史相参, 为世人创业待人、立身行世提供借鉴。主要内容包括: 话题、神谋鬼谋、古今无定法、仁爱的流弊等。 |
| ● |
| 相关链接 |
|
|
|
正题名:历史的经验
索取号:C934/N080
 
预约/预借
| 序号 | 登录号 | 条形码 | 馆藏地/架位号 | 状态 | 备注 |
| 1 | 1581217 | 215812173 | 社科库509/509社科库 65排9列5层/ [索取号:C934/N080] | 在馆 | |
| 2 | 1581218 | 215812182 | 社科库509/509社科库 65排9列5层/ [索取号:C934/N080] | 在馆 |